000 00368 a2200169 4500
001 190074
020 _a978-85-8217-160-8
040 _cMagnum
100 _aJunqueira, Sonia
240 1 0 _aO menino e o peixinho
_lpor
245 1 0 _aO menino e o peixinho
300 _a
362 0 _a2013
440 1 _aAutĂȘntica
697 _aLITERATURA INFANTIL
942 _cBK
999 _c190074
_d190074